<?xml version="1.0" encoding="UTF-8"?>
<record
    xmlns:xsi="http://www.w3.org/2001/XMLSchema-instance"
    xsi:schemaLocation="http://www.loc.gov/MARC21/slim http://www.loc.gov/standards/marcxml/schema/MARC21slim.xsd"
    xmlns="http://www.loc.gov/MARC21/slim">

  <leader>01994nam a2200301Ia 4500</leader>
  <controlfield tag="003">OSt</controlfield>
  <controlfield tag="005">20210208172314.0</controlfield>
  <controlfield tag="008">191128s2015    ck ad  fr     000 0dspa d</controlfield>
  <datafield tag="020" ind1=" " ind2=" ">
    <subfield code="a">9789587624014</subfield>
  </datafield>
  <datafield tag="040" ind1=" " ind2=" ">
    <subfield code="a">CO-JMCR</subfield>
    <subfield code="c">CO-JMCR</subfield>
  </datafield>
  <datafield tag="041" ind1="0" ind2=" ">
    <subfield code="a">spa</subfield>
  </datafield>
  <datafield tag="082" ind1="0" ind2="4">
    <subfield code="a">336.09861 /</subfield>
    <subfield code="b">R652a </subfield>
    <subfield code="2">23</subfield>
  </datafield>
  <datafield tag="100" ind1="1" ind2=" ">
    <subfield code="a">Romero Romero, Enrique, </subfield>
    <subfield code="e">autor</subfield>
    <subfield code="9">6475</subfield>
  </datafield>
  <datafield tag="245" ind1="1" ind2="0">
    <subfield code="a">Administraci&#xF3;n y finanzas p&#xFA;blicas en el Estado colombiano : </subfield>
    <subfield code="b">caso pr&#xE1;ctico / </subfield>
    <subfield code="c">Enrique Romero Romero</subfield>
  </datafield>
  <datafield tag="250" ind1=" " ind2=" ">
    <subfield code="a">Primera edici&#xF3;n</subfield>
  </datafield>
  <datafield tag="260" ind1=" " ind2=" ">
    <subfield code="a">Bogot&#xE1; : </subfield>
    <subfield code="b">Ediciones de la U, </subfield>
    <subfield code="c">2015</subfield>
  </datafield>
  <datafield tag="300" ind1=" " ind2=" ">
    <subfield code="a">337 p&#xE1;ginas : </subfield>
    <subfield code="b">ilustraciones y gr&#xE1;ficos a blanco y negro ; </subfield>
    <subfield code="c">24 cm.</subfield>
  </datafield>
  <datafield tag="490" ind1="0" ind2=" ">
    <subfield code="a">Contabilidad y finanzas</subfield>
  </datafield>
  <datafield tag="500" ind1=" " ind2=" ">
    <subfield code="a">Incluye datos biogr&#xE1;ficos del autor.</subfield>
  </datafield>
  <datafield tag="504" ind1=" " ind2=" ">
    <subfield code="a">Bibliograf&#xED;a: p&#xE1;ginas 335-337</subfield>
  </datafield>
  <datafield tag="505" ind1="0" ind2=" ">
    <subfield code="a">Conceptos constitucionales y estructura del Estado -- Hacienda p&#xFA;blica y contrataci&#xF3;n -- Sistema Nacional de Contabilidad P&#xFA;blica -- Control estatal</subfield>
  </datafield>
  <datafield tag="520" ind1="3" ind2=" ">
    <subfield code="a">El enfoque del libro se dirige a quienes tiene la necesidad de resolver asuntos de car&#xE1;cter pr&#xE1;ctico en la implementaci&#xF3;n de los conceptos abordados, con &#xE9;nfasis en entidades territoriales. De esta forma se exige un riguroso ejercicio de s&#xED;ntesis y conocimiento de los aspectos cr&#xED;ticos que soportan la gesti&#xF3;n p&#xFA;blica contempor&#xE1;nea. El libro se compone de cuatro grandes unidades tem&#xE1;ticas a saber: Estado social de derecho, Hacienda p&#xFA;blica, Contabilidad gubernamental y Control estatal. Tanto para el profesional o gestor p&#xFA;blico, como para el estudiante interesado o el ciudadano del com&#xFA;n resulta fundamental del entendimiento de los conceptos b&#xE1;sicos asociados a la denominada estructura del Estado y, la condici&#xF3;n institucional  de estado social de derecho y de econom&#xED;a social del mercado.</subfield>
  </datafield>
  <datafield tag="650" ind1="1" ind2="4">
    <subfield code="a">Hacienda p&#xFA;blica</subfield>
    <subfield code="z">Colombia</subfield>
    <subfield code="9">6476</subfield>
  </datafield>
  <datafield tag="650" ind1="1" ind2="4">
    <subfield code="a">Administraci&#xF3;n p&#xFA;blica</subfield>
    <subfield code="z">Colombia</subfield>
    <subfield code="9">6477</subfield>
  </datafield>
  <datafield tag="650" ind1="1" ind2="4">
    <subfield code="a">Finanzas p&#xFA;blicas</subfield>
    <subfield code="z">Colombia</subfield>
    <subfield code="9">6478</subfield>
  </datafield>
  <datafield tag="650" ind1="1" ind2="4">
    <subfield code="a">Control estatal</subfield>
    <subfield code="z">Colombia</subfield>
    <subfield code="9">6479</subfield>
  </datafield>
  <datafield tag="942" ind1=" " ind2=" ">
    <subfield code="2">ddc</subfield>
    <subfield code="c">BK</subfield>
  </datafield>
  <datafield tag="999" ind1=" " ind2=" ">
    <subfield code="c">4835</subfield>
    <subfield code="d">4835</subfield>
  </datafield>
  <datafield tag="952" ind1=" " ind2=" ">
    <subfield code="0">0</subfield>
    <subfield code="1">0</subfield>
    <subfield code="2">ddc</subfield>
    <subfield code="4">0</subfield>
    <subfield code="7">0</subfield>
    <subfield code="8">NFIC</subfield>
    <subfield code="a">CPL</subfield>
    <subfield code="b">CPL</subfield>
    <subfield code="d">2018-04-15</subfield>
    <subfield code="e">Donaci&#xF3;n</subfield>
    <subfield code="g">0.00</subfield>
    <subfield code="l">2</subfield>
    <subfield code="o">336.09861 / R652a </subfield>
    <subfield code="p">430000712</subfield>
    <subfield code="r">2024-05-16 00:00:00</subfield>
    <subfield code="s">2024-04-24</subfield>
    <subfield code="t">Ej.1</subfield>
    <subfield code="y">BK</subfield>
  </datafield>
</record>
